Statistics for Persona Gaming Franchise

Click here to take the quiz!

General Stats

  • This quiz has been taken 24 times
    (20 since last reset)
  • The average score is 9 of 11

Answer Stats

HintGame% Correct
A group of high school students create a vigilante group to expose the crimes of corrupt adults but soon find themselves in the midst of a worldwide conspiracy and targeted by powerful individuals who would do anything to silence them.Persona 5
100%
A new student arrives at a school full of monsters that attack at night. A team of Persona users recruit him to help battle alongside them to rid the monsters for good.Persona 3
94%
A high school student forms a group that explores a hidden world accessible through TV sets to find a connection between the "realm of shadows" and the mysterious murders in their town.Persona 4
94%
a fighting video game in which players take the role of thirteen characters from the previous games.Persona 4 Arena
88%
The game's story is split into two campaigns, which follow either the team of characters from Persona 3 or Persona 4; each campaign begins partway through the events of the characters' original games.Persona Q: Shadow of the Labyrinth
88%
A group of high school students from Seven Sisters High School must confront a villainous figure called the Joker, who is causing the spread of reality-warping rumors through the city.Persona 2: Innocent Sin
76%
Six months after the events of the last game, the Phantom Thieves meet up for summer vacation, only to be caught up in another adventure just as many Palaces begin to appear in Japan.Persona 5 Strikers
76%
During one of their explorations at Mementos, the Phantom Thieves of Hearts end up in a mysterious movie theater and need to help a quiet girl named Hikari by changing the endings of the movies that play in the cinema in order to get out.Persona Q2: New Cinema Labyrinth
76%
The latest urban legend among high schoolers is that of the "Joker Curse" - call your own cellphone to hire an assassin. Teen magazine reporter Maya Amano is sent on an assignment to Seven Sisters High School to cover the Joker murders.Persona 2: Eternal Punishment
71%
A group of high school friends play a game called "Persona" at school. Nothing happens so they go to visit their friend Maki in the hospital. Soon after they are assailed by the undead and demons and they must find the reason their peaceful town is now under assault.Revelations: Persona
47%
A rhythm game in which the characters of Persona dance to music from the Persona series, including original and rearranged songs.Dancing All Night / Dancing in Moonlight / Dancing in Starlight
41%

Score Distribution

Percentile by Number Answered

Percent of People with Each Score

Your Score History

You have not taken this quiz since the last reset